Elements of Mechanical Tech. (Record no. 957705)

MARC details
000 -LEADER
fixed length control field 00257nam a2200109Ia 4500
008 - FIXED-LENGTH DATA ELEMENTS--GENERAL INFORMATION
fixed length control field 231212s1976 xx 000 0 und d
041 ## - LANGUAGE CODE
Language code of text/sound track or separate title eng
082 ## - DEWEY DECIMAL CLASSIFICATION NUMBER
Classification number 491.46
100 ## - MAIN ENTRY--PERSONAL NAME
Personal name Mundke
245 ## - TITLE STATEMENT
Title Elements of Mechanical Tech.
260 ## - PUBLICATION, DISTRIBUTION, ETC.
Place of publication, distribution, etc. Pune
Name of publisher, distributor, etc. Dwara S
Date of publication, distribution, etc. 1976
Holdings
Withdrawn status Lost status Damaged status Not for loan Home library Current library Date acquired Cost, normal purchase price Total Checkouts Full call number Barcode Date last seen Price effective from Koha item type
        Institute of Technology (Poly) , Navi Mumbai Institute of Technology (Poly) , Navi Mumbai 13/12/2023 37.00   491.46 ITM-P-557 13/12/2023 13/12/2023 Book